BUSINESS ANALYTICS (Record no. 25731)
[ view plain ]
| 000 -LEADER | |
|---|---|
| fixed length control field | 00335nam a22001577a 4500 |
| 003 - CONTROL NUMBER IDENTIFIER | |
| control field | SGT |
| 020 ## - INTERNATIONAL STANDARD BOOK NUMBER | |
| International Standard Book Number | 978-93-803-9458-6 |
| 082 ## - DEWEY DECIMAL CLASSIFICATION NUMBER | |
| Classification number | 658.4033 |
| Item number | EVA |
| 100 ## - MAIN ENTRY--PERSONAL NAME | |
| Personal name | EVANS, JAMES |
| 245 ## - TITLE STATEMENT | |
| Title | BUSINESS ANALYTICS |
| 250 ## - EDITION STATEMENT | |
| Edition statement | 3RD |
| 260 ## - PUBLICATION, DISTRIBUTION, ETC. (IMPRINT) | |
| Place of publication, distribution, etc | INDIA |
| Name of publisher, distributor, etc | PEARSON |
| Year of Publication | 2024 |
| 300 ## - PAGE DESCRIPTION | |
| No. of Pages | 704 |
| 650 ## - SUBJECT ADDED ENTRY--TOPICAL TERM | |
| Topical term or geographic name as entry element | ANALYTICS |
| 942 ## - ADDED ENTRY ELEMENTS (KOHA) | |
| Source of classification or shelving scheme | Dewey Decimal Classification |
| Koha item type | Books |
| 942 ## - ADDED ENTRY ELEMENTS (KOHA) | |
| -- | 23 |
| Withdrawn status | Lost status | Source of classification or shelving scheme | Damaged status | Not for loan | Collection code | Home library | Current library | Shelving location | Date acquired | Vendor Name | Cost, normal purchase price | SGTU | Bill Number | Full call number | Accession No. (Barcode) | Date last seen | Bill Date | Koha item type | Total Checkouts | Date last borrowed |
|---|---|---|---|---|---|---|---|---|---|---|---|---|---|---|---|---|---|---|---|---|
| Dewey Decimal Classification | Not For Loan | COMMERCE MANAGEMENT | SGT Science & Social Sciences Library | SGT Science & Social Sciences Library | Reference Book | 24/02/2024 | BIRJWASI | 900.00 | SGTU | BW/000107 | 658.4033 EVA | CM7059 | 24/02/2024 | Books | ||||||
| Dewey Decimal Classification | COMMERCE MANAGEMENT | SGT Science & Social Sciences Library | SGT Science & Social Sciences Library | Text Book | 24/02/2024 | BIRJWASI | 900.00 | SGTU | BW/000107 | 658.4033 EVA | CM7060 | 11/01/2025 | Books | 5 | 30/12/2024 | |||||
| Dewey Decimal Classification | COMMERCE MANAGEMENT | SGT Science & Social Sciences Library | SGT Science & Social Sciences Library | Text Book | 24/02/2024 | BIRJWASI | 900.00 | SGTU | BW/000107 | 658.4033 EVA | CM7061 | 20/05/2026 | Books | 10 | 31/10/2025 | |||||
| Dewey Decimal Classification | COMMERCE MANAGEMENT | SGT Science & Social Sciences Library | SGT Science & Social Sciences Library | Text Book | 24/02/2024 | BIRJWASI | 900.00 | SGTU | BW/000107 | 658.4033 EVA | CM7062 | 30/12/2024 | Books | 4 | 23/12/2024 | |||||
| Dewey Decimal Classification | COMMERCE MANAGEMENT | SGT Science & Social Sciences Library | SGT Science & Social Sciences Library | Text Book | 24/02/2024 | BIRJWASI | 900.00 | SGTU | BW/000107 | 658.4033 EVA | CM7063 | 04/04/2025 | Books | 5 | 20/03/2025 |